[Event "AUTO-INT-608"]
[Site "http://www.queenalice.com/game.php?id=268618"]
[Date "2007.9.8"]
[Round "1"]
[White "luizito13"]
[Black "Palli"]
[Result "1-0"]
[WhiteElo "1599"]
[BlackElo "1638"]

1. c4 Nf6 2. Nc3 g6 3. g3 Bg7 4. Bg2 O-O 5. d3 Nc6 6. a3 e6 7. Bg5 b6 8. Nf3 Bb7
9. O-O a6 10. Qd2 d6 11. Rab1 1-0

[Event "AUTO-INT-608"]
[Site "http://www.queenalice.com/game.php?id=268619"]
[Date "2007.9.8"]
[Round "1"]
[White "Palli"]
[Black "luizito13"]
[Result "0-1"]
[WhiteElo "1662"]
[BlackElo "1522"]

1. d4 Nf6 2. c4 g6 3. Nc3 Bg7 4. Nf3 d6 5. e4 Nbd7 6. Bg5 c6 7. Be2 O-O 8. O-O
h6 9. Bh4 Nh5 10. h3 Nf4 0-1

[Event "AUTO-INT-608"]
[Site "http://www.queenalice.com/game.php?id=268632"]
[Date "2007.9.8"]
[Round "1"]
[White "Palli"]
[Black "sephiroth"]
[Result "1-0"]
[WhiteElo "1653"]
[BlackElo "1345"]

1. d4 e6 2. c4 Bb4+ 3. Bd2 a5 4. Nf3 c6 5. e4 d5 6. exd5 cxd5 7. Ne5 Qe7 8. Qa4+
Nd7 9. c5 Bxd2+ 10. Nxd2 Qg5 11. Ndf3 Qf4 12. Bb5 Qe4+ 13. Kf1 Nf6 14. Nxd7 Nxd7
15. Ne5 O-O 16. Bxd7 Qxg2+ 17. Kxg2 1-0

[Event "AUTO-INT-608"]
[Site "http://www.queenalice.com/game.php?id=268633"]
[Date "2007.9.8"]
[Round "1"]
[White "sephiroth"]
[Black "Palli"]
[Result "0-1"]
[WhiteElo "1170"]
[BlackElo "1559"]

1. e4 c6 2. g3 d5 3. Nc3 dxe4 4. Nxe4 Bf5 5. Bg2 e6 6. Nf3 Bxe4 7. O-O Nf6 8. d3
Bxf3 9. Qxf3 Bc5 10. c3 Nbd7 11. b4 Bb6 12. d4 O-O 13. Be3 Nd5 14. Bd2 N7f6 15.
c4 Ne7 16. c5 Bc7 17. Bc3 Ned5 18. Bd2 Re8 19. Rae1 b6 20. a4 bxc5 21. dxc5 Nd7
22. b5 cxb5 23. axb5 Qf6 24. Qxf6 N7xf6 0-1

[Event "AUTO-INT-608"]
[Site "http://www.queenalice.com/game.php?id=268634"]
[Date "2007.9.8"]
[Round "1"]
[White "Palli"]
[Black "dmdagnone"]
[Result "0-1"]
[WhiteElo "1561"]
[BlackElo "1679"]

1. d4 Nf6 2. c4 d5 3. Nc3 dxc4 4. e4 e6 5. Bg5 Be7 6. Bxc4 Nc6 7. Nf3 h6 8. Bh4
g5 9. Bg3 b6 10. O-O g4 11. Ne5 Nxd4 0-1

[Event "AUTO-INT-608"]
[Site "http://www.queenalice.com/game.php?id=268635"]
[Date "2007.9.8"]
[Round "1"]
[White "dmdagnone"]
[Black "Palli"]
[Result "1-0"]
[WhiteElo "1690"]
[BlackElo "1550"]

1. e4 e5 2. Nf3 Nc6 3. Bb5 Nge7 4. Nc3 a6 5. Bxc6 dxc6 6. Nxe5 g6 7. Qf3 Be6 8.
d4 Qxd4 9. Qf4 Bg7 10. Be3 Qxe5 11. Qf3 1-0

[Event "AUTO-INT-619"]
[Site "http://www.queenalice.com/game.php?id=272847"]
[Date "2007.9.17"]
[Round "1"]
[White "fbn"]
[Black "Palli"]
[Result "0-1"]
[WhiteElo "1633"]
[BlackElo "1652"]

1. e4 c6 2. Nf3 d5 3. e5 Bg4 4. Be2 Nd7 5. d4 f6 6. exf6 Ngxf6 7. Ng5 Bxe2 8.
Qxe2 Nb6 9. Bf4 Qd7 10. O-O Qf5 11. Ne6 Rc8 12. g3 h6 13. Na3 Ne4 14. Nc5 e6 15.
Nxe6 Qxe6 16. f3 Ng5 17. Qxe6+ Nxe6 18. Rfe1 Kd7 19. c3 Bxa3 20. bxa3 Nxf4 21.
gxf4 Rhf8 0-1

[Event "AUTO-INT-619"]
[Site "http://www.queenalice.com/game.php?id=272848"]
[Date "2007.9.17"]
[Round "1"]
[White "Palli"]
[Black "fbn"]
[Result "0-1"]
[WhiteElo "1683"]
[BlackElo "1619"]

1. d4 e6 2. e4 d5 3. e5 a6 4. Nf3 Nc6 5. Nc3 Bb4 6. Bd2 Nge7 7. Be2 h6 8. O-O
Nf5 9. a3 Bxc3 10. Bxc3 O-O 11. Bd2 f6 12. exf6 Qxf6 13. c3 e5 14. dxe5 Nxe5 15.
Nxe5 Qxe5 16. g3 c5 17. Re1 c4 18. Bxc4 Qd6 19. Bf4 Qg6 20. Bxd5+ Kh8 0-1

[Event "AUTO-INT-628"]
[Site "http://www.queenalice.com/game.php?id=277295"]
[Date "2007.9.26"]
[Round "1"]
[White "coffeesean"]
[Black "Palli"]
[Result "1-0"]
[WhiteElo "1516"]
[BlackElo "1616"]

1. e4 c5 2. Bc4 d6 3. Nf3 Bg4 4. Nc3 Nf6 5. h3 Bxf3 6. gxf3 Nc6 7. Bb5 Qc7 8. a4
g6 9. d3 a6 10. Bxc6+ Qxc6 11. a5 O-O-O 12. Be3 Bg7 13. Nd5 Nxd5 14. exd5 Qxd5
15. c4 Qe6 16. Qa4 f5 17. f4 Bh6 18. O-O-O Qd7 19. b3 Qxa4 20. bxa4 e5 21. h4
exf4 22. Bd2 Rhe8 23. Kc2 Re2 24. f3 Rf2 25. Kc3 1-0

[Event "AUTO-INT-628"]
[Site "http://www.queenalice.com/game.php?id=277296"]
[Date "2007.9.26"]
[Round "1"]
[White "Palli"]
[Black "coffeesean"]
[Result "0-1"]
[WhiteElo "1596"]
[BlackElo "1536"]

1. e4 g6 2. Nf3 Bg7 3. Bc4 e6 4. d4 d6 5. Nc3 c6 6. O-O d5 7. exd5 cxd5 8. Bb5+
Nc6 9. Bf4 Ne7 10. Bxc6+ bxc6 11. Re1 O-O 12. Na4 Ba6 13. Nc5 Bc8 14. Qd2 h6 15.
Bxh6 Nf5 16. Bxg7 Kxg7 17. Qe2 a5 18. c3 a4 19. Ne5 g5 20. Qg4 Nh6 21. Qh5 Qf6
22. Re3 Rh8 23. Rf3 Nf5 0-1

[Event "AUTO-INT-628"]
[Site "http://www.queenalice.com/game.php?id=277311"]
[Date "2007.9.26"]
[Round "1"]
[White "Palli"]
[Black "KAXY"]
[Result "0-1"]
[WhiteElo "1685"]
[BlackElo "1451"]

1. d4 d5 2. c4 Nf6 3. Nf3 e6 4. Nc3 Bb4 5. Bg5 Bxc3+ 6. bxc3 O-O 7. cxd5 exd5 8.
e3 Bg4 9. Be2 Bxf3 10. Bxf3 c6 11. O-O Nbd7 12. Rb1 Qa5 13. Qb3 b5 14. Rfc1 a6
15. a3 h6 16. Bf4 c5 17. dxc5 Nxc5 18. Qb4 Qxb4 19. cxb4 Nd3 20. Bd6 Rfd8 21.
Rc6 Ne4 22. Bxe4 dxe4 23. h3 g5 24. Bg3 h5 25. Rd1 h4 26. Bh2 Rac8 27. Rxa6 Rc1
28. Rxc1 Nxc1 29. Ra5 Rd1# 0-1

[Event "AUTO-INT-628"]
[Site "http://www.queenalice.com/game.php?id=277312"]
[Date "2007.9.26"]
[Round "1"]
[White "KAXY"]
[Black "Palli"]
[Result "0-1"]
[WhiteElo "1521"]
[BlackElo "1671"]

1. e4 c5 2. Nf3 d6 3. Bb5+ Bd7 4. Bxd7+ Nxd7 5. O-O Ngf6 6. Nc3 g6 7. d4 Bg7 8.
e5 dxe5 9. dxe5 Ng4 10. e6 fxe6 11. Ng5 Nf8 12. Qxd8+ Rxd8 13. Nb5 Rd7 14. Be3
Nxe3 15. fxe3 Bxb2 16. Rab1 Bf6 17. Ne4 Bg7 18. Nxa7 h6 19. Nxc5 Rc7 20. Nxb7
Nh7 21. Rfd1 Kf7 22. Rb6 Ng5 23. Nb5 Rxc2 24. Nd8+ Kg8 25. Nxe6 Nxe6 26. Rxe6
Kf7 27. Ra6 Rb8 28. a4 Re2 29. Rf1+ Bf6 30. Nc7 Rbb2 31. Rfxf6+ exf6 32. Kf1
Rf2+ 33. Ke1 Rxg2 34. Kf1 Rgc2 0-1

[Event "AUTO-INT-628"]
[Site "http://www.queenalice.com/game.php?id=277313"]
[Date "2007.9.26"]
[Round "1"]
[White "Palli"]
[Black "A001"]
[Result "0-1"]
[WhiteElo "1567"]
[BlackElo "1772"]

1. d4 d5 2. c4 e6 3. Nf3 c5 4. Bf4 Nc6 5. Nc3 cxd4 6. Nxd4 Bc5 7. e3 Qb6 8. Ndb5
Ke7 9. cxd5 Nf6 10. dxc6 Qxc6 11. Nc7 Rb8 12. Bb5 Qxg2 0-1

[Event "AUTO-INT-628"]
[Site "http://www.queenalice.com/game.php?id=277314"]
[Date "2007.9.26"]
[Round "1"]
[White "A001"]
[Black "Palli"]
[Result "1-0"]
[WhiteElo "1764"]
[BlackElo "1575"]

1. e4 c5 2. Nf3 d6 3. d4 cxd4 4. Nxd4 Nf6 5. Nc3 Nc6 6. Nxc6 bxc6 7. Bd3 g6 8.
O-O Bg7 9. Qd2 O-O 10. b3 Bb7 11. Bb2 Qc7 12. Rab1 Rad8 13. Rfe1 Ng4 14. h3 1-0